Statistics for Spiderman Villain Aliases

Click here to take the quiz!

General Stats

  • This quiz has been taken 773 times
  • The average score is 16 of 31

Answer Stats

HintAnswer% Correct
Norman OsbornGreen Goblin
98%
Eddie BrockVenom
97%
Dr. Curt ConnorsLizard
94%
Dr. Otto OctaviusDoctor Octopus
92%
Maxwell DillonElectro
91%
William Baker (Flint Marko)Sandman
89%
Adrian ToomesVulture
87%
Aleksei SytsevichRhino
84%
Cletus KasadyCarnage
83%
Wilson FiskKingpin
83%
Quentin BeckMysterio
82%
Mac GarganScorpion
73%
Sergei KravinoffKraven the Hunter
71%
Herman SchultzShocker
68%
Michael MorbiusMorbius
61%
Jason MacendaleHobgoblin
58%
Dmitri SmerdyakovChameleon
47%
Morris BenchHydro-Man
39%
Dr. Miles WarrenJackal
37%
Lonnie Thompson LincolnTombstone
33%
Phineas MasonTinkerer
28%
Mark RaxtonMolten Man
20%
Abner JenkinsBeetle
19%
Jackson WeeleBig Wheel
15%
Jonathon OhnnSpot
15%
Frederick FoswellBig Man
12%
Fred MyersBoomerang
12%
Steven Mark LevinsJack O'Lantern
11%
Thomas FireheartPuma
10%
Fritz Von MeyerSwarm
10%
Basil ElksBasilisk
8%

Score Distribution

Percentile by Number Answered

Percent of People with Each Score

Your Score History

You have not taken this quiz